000 00428nam a2200193Ia 4500
008 210210b1963 xxu||||| |||| 00| 0 eng d
041 _aeng
082 _a383/178
100 _aMOIRA (K)
245 _aCommerce Book 1
260 _aLondon
_bEdward Arnold (Publishers) Ltd.,
_c1963
300 _a160
650 _aCommerce
650 _aBook
650 _a1
690 _aCommerce
700 _aSWIFT
906 _a005374
999 _c125320
_d125320